|
|
|
|
| LEADER |
00000nam a2200000 a 4500 |
| 005 |
20120222115710.0 |
| 007 |
cr|||| |||| |
| 008 |
050801s2005 sp |||||| 000 ||spa|c |
| 017 |
|
|
|a DL AB. 199-2005
|
| 020 |
|
|
|a 8486977673
|
| 035 |
|
|
|a 5799
|
| 040 |
|
|
|d vLex
|
| 080 |
|
|
|a 341.95(460)
|
| 090 |
|
|
|c 3018
|d 3018
|
| 245 |
0 |
0 |
|a Estudios sobre extranjera̕
|h [Recurso electrn̤ico] /
|c coordinadoras: Juana M® Serrano Garca̕ y Natividad Mendoza Navas ; autores: Eduardo Rojo Torrecilla...[et al.]
|
| 256 |
|
|
|a Servicio en ln̕ea
|
| 260 |
|
|
|a Albacete :
|b Bomarzo,
|c 2005
|
| 300 |
|
|
|a 1 recurso electrn̤ico
|
| 504 |
|
|
|a Incluye bibliografa̕: p.224-227
|
| 506 |
1 |
|
|a Contenido solo disponible en los productos indicados
|d vLex Global
|d vLex Global (Academic Edition, excluding Law Schools)
|d vLex Global (U.S. Academic Edition, Law Schools)
|d vLex Global (U.S. Academic Edition, excluding Law Schools)
|d vLex Global (Academic Edition, Law Schools)
|
| 650 |
0 |
4 |
|a Extranjeros
|z Espaą
|x Aspectos legales
|
| 650 |
0 |
4 |
|a Extranjeros
|
| 650 |
0 |
4 |
|a Derecho internacional
|
| 700 |
1 |
|
|a Serrano Garca̕, Juana Mara̕
|
| 700 |
1 |
|
|a Mendoza Navas, Natividad
|
| 700 |
1 |
|
|a Rojo Torrecilla, Eduardo
|
| 740 |
0 |
|
|a vLex Libros (Servicio en ln̕ea)
|
| 856 |
4 |
0 |
|u http://vlex.com/source/estudios-sobre-extranjeria-5799
|z Acceso restringido
|
| 942 |
|
|
|c BOOK
|
| 999 |
0 |
|
|a Aliens
|
| 999 |
0 |
|
|a International law
|